000
00316nam a22001457a 4500
003
SGT
020
_a
9788123024271
082
_a
070
_b
H55N
100
_a
NATRAJAN, J.
245
_a
HISTORY OF INDIAN JOURNALISM
260
_b
PUBLICATIONS DIVISION
_c
1955
300
_a
357
650
_a
JOURNALISM
942
_2
ddc
_c
BK
999
_c
28541
_d
28541